[Event "Philadelphia International"]
[Site "Philadelphia"]
[Date "2012.06.30"]
[Round "3.5"]
[White "Sethuraman, S."]
[Black "Battaglini, Gabriel"]
[Result "1-0"]
[WhiteElo "2546"]
[BlackElo "2412"]
[PlyCount "49"]
[EventDate "2012.07.??"]
[EventType "swiss"]
[EventRounds "9"]
[EventCountry "USA"]
[Source "MonRoi"]

1. e4 e6 2. d4 d5 3. e5 c5 4. c3 Nc6 5. Nf3 Bd7 6. Be2 Rc8 7. O-O Nh6 8. dxc5
Bxc5 9. Bxh6 gxh6 10. c4 dxc4 11. Nbd2 Qc7 12. Nxc4 O-O 13. Qd2 Kg7 14. Rad1
Be8 15. Nd6 Rd8 16. Qf4 Bxd6 17. Qf6+ Kg8 18. exd6 Rxd6 19. Qxh6 Rxd1 20. Rxd1
f6 21. Bc4 Qe7 22. Nh4 Bf7 23. Rd3 Kh8 24. Rd7 Qxd7 25. Ng6+ 1-0

[Event "Philadelphia International"]
[Site "Philadelphia"]
[Date "2012.06.30"]
[Round "3.7"]
[White "Gujrathi, Vidit"]
[Black "Rout, Padmini"]
[Result "1/2-1/2"]
[WhiteElo "2528"]
[BlackElo "2345"]
[PlyCount "31"]
[EventDate "2012.07.??"]
[EventType "swiss"]
[EventRounds "9"]
[EventCountry "USA"]
[Source "MonRoi"]

1. d4 Nf6 2. c4 g6 3. g3 c6 4. Nf3 Bg7 5. b3 d5 6. Bb2 O-O 7. Bg2 a5 8. Nc3 Ne4
9. O-O Nxc3 10. Bxc3 Nd7 11. e3 b5 12. cxb5 cxb5 13. b4 a4 14. Ne1 Nb6 15. Nd3
Bb7 16. Nc5 1/2-1/2

[Event "Philadelphia International"]
[Site "Philadelphia"]
[Date "2012.06.30"]
[Round "3.8"]
[White "Karavade, Eesha"]
[Black "Venkatesh, Marani"]
[Result "0-1"]
[WhiteElo "2353"]
[BlackElo "2517"]
[PlyCount "76"]
[EventDate "2012.07.??"]
[EventType "swiss"]
[EventRounds "9"]
[EventCountry "USA"]
[Source "MonRoi"]

1. Nf3 Nf6 2. c4 e6 3. g3 d5 4. Bg2 dxc4 5. Qa4+ c6 6. Qxc4 b5 7. Qc2 Bb7 8.
Nc3 Nbd7 9. O-O a6 10. d3 Be7 11. e4 O-O 12. Rd1 c5 13. Qe2 e5 14. Nh4 Re8 15.
Nf5 Bf8 16. a4 Qb6 17. Be3 h5 18. h3 g6 19. Nh6+ Kg7 20. g4 b4 21. Nb1 Qe6 22.
g5 Nh7 23. Qf3 h4 24. Qe2 Be7 25. Qd2 Qb6 26. Ng4 Qd8 27. Qe2 Bxg5 28. Nd2 Rb8
29. Nc4 Qe7 30. Nh2 Red8 31. Rf1 Nhf8 32. Nf3 Bf6 33. Kh1 Ne6 34. Rae1 Rh8 35.
Nh2 Bg5 36. Rg1 Bf4 37. Bf3 Nd4 38. Qd1 Nf8 0-1

[Event "Philadelphia International"]
[Site "Philadelphia"]
[Date "2012.06.30"]
[Round "3.9"]
[White "Zapata, Alonso"]
[Black "Liang, Awonder"]
[Result "1-0"]
[WhiteElo "2484"]
[BlackElo "1890"]
[PlyCount "71"]
[EventDate "2012.07.??"]
[EventType "swiss"]
[EventRounds "9"]
[EventCountry "USA"]
[Source "MonRoi"]

1. e4 c5 2. Nf3 d6 3. d4 cxd4 4. Nxd4 Nf6 5. Nc3 a6 6. Bc4 e6 7. O-O Be7 8. Bb3
O-O 9. f4 Nc6 10. Nxc6 bxc6 11. Be3 d5 12. e5 Nd7 13. Na4 Qa5 14. c4 Nc5 15.
Bd2 Qc7 16. Nxc5 Bxc5+ 17. Kh1 Bd4 18. cxd5 Bxb2 19. Rb1 Bd4 20. d6 Qa7 21. Rf3
c5 22. Rh3 Bb7 23. Qe1 Rab8 24. Bc2 h6 25. Qg3 Qa8 26. Rxb7 Qxb7 27. Rxh6 f5
28. Bb3 c4 29. Bxc4 Qb1+ 30. Be1 Bf2 31. Bxe6+ Rf7 32. Bxf7+ Kf8 33. Qxf2 Kxf7
34. e6+ Kg8 35. Rh3 Rb2 36. Qh4 1-0

[Event "Philadelphia International"]
[Site "Philadelphia"]
[Date "2012.06.30"]
[Round "3.10"]
[White "Ludwig, Daniel"]
[Black "Vazquez, Raul"]
[Result "1-0"]
[WhiteElo "2456"]
[BlackElo "2287"]
[PlyCount "55"]
[EventDate "2012.07.??"]
[EventType "swiss"]
[EventRounds "9"]
[EventCountry "USA"]
[Source "MonRoi"]

1. d4 Nf6 2. c4 c5 3. d5 e6 4. Nc3 exd5 5. cxd5 d6 6. Nf3 g6 7. Bf4 a6 8. a4
Bg7 9. h3 O-O 10. e3 Re8 11. Nd2 Nh5 12. Bh2 f5 13. Be2 Nf6 14. O-O Qc7 15. Nc4
Bf8 16. a5 Nbd7 17. Na4 Ne5 18. Ncb6 Rb8 19. b4 cxb4 20. Qb3 Bd7 21. Rac1 Qd8
22. Qxb4 Bxa4 23. Nxa4 Nfd7 24. Rb1 Nc5 25. Nxc5 dxc5 26. Qc3 Bd6 27. Rb6 Bc7
28. d6 1-0

[Event "Philadelphia International"]
[Site "Philadelphia"]
[Date "2012.06.30"]
[Round "3.11"]
[White "Ippolito, Dean"]
[Black "Mohota, Nisha"]
[Result "1-0"]
[WhiteElo "2432"]
[BlackElo "2321"]
[PlyCount "121"]
[EventDate "2012.07.??"]
[EventType "swiss"]
[EventRounds "9"]
[EventCountry "USA"]
[Source "MonRoi"]

1. d4 d5 2. c4 e6 3. Nf3 Nf6 4. Nc3 c6 5. Bg5 Be7 6. e3 Nbd7 7. Bd3 dxc4 8.
Bxc4 Nd5 9. Bxe7 Qxe7 10. O-O O-O 11. Rc1 Nxc3 12. Rxc3 e5 13. Re1 e4 14. Nd2
Nf6 15. Qb1 Bd7 16. Rec1 Rfe8 17. h3 a5 18. a4 h6 19. Bb3 b6 20. R3c2 Nd5 21.
Nc4 Qg5 22. Kh2 Re6 23. Ne5 Rxe5 24. dxe5 Qxe5+ 25. Kg1 Nb4 26. Rd2 Nd3 27.
Rxd3 exd3 28. Qxd3 Bf5 29. Qc3 Qxc3 30. Rxc3 c5 31. Bd5 Rd8 32. e4 Be6 33. Bxe6
fxe6 34. Rb3 Rd1+ 35. Kh2 Rd4 36. Rxb6 Rxe4 37. b3 c4 38. bxc4 Rxc4 39. Rxe6
Rxa4 40. Ra6 Ra3 41. h4 a4 42. h5 Kf7 43. f3 Ra1 44. Kg3 Ra2 45. Kh3 a3 46. g4
Ra1 47. Kg3 Ke7 48. Kf4 a2 49. Kf5 Rf1 50. Rxa2 Rxf3+ 51. Kg6 Rf4 52. g5 Rg4
53. Ra7+ Kf8 54. Rf7+ Ke8 55. Rf5 Rh4 56. Kxg7 Rxh5 57. Rf8+ Ke7 58. g6 Rh1 59.
Rf2 Rg1 60. Kh7 h5 61. g7 1-0

[Event "Philadelphia International"]
[Site "Philadelphia"]
[Date "2012.06.30"]
[Round "3.12"]
[White "Kleinman, Michael"]
[Black "Sachdev, Tania"]
[Result "0-1"]
[WhiteElo "2284"]
[BlackElo "2417"]
[PlyCount "108"]
[EventDate "2012.07.??"]
[EventType "swiss"]
[EventRounds "9"]
[EventCountry "USA"]
[Source "MonRoi"]

1. e4 c5 2. Nf3 e6 3. d4 cxd4 4. Nxd4 a6 5. c4 Nf6 6. Nc3 Bb4 7. Qc2 Qc7 8. a3
Bc5 9. Nb3 Ba7 10. Be2 d6 11. Bf4 O-O 12. Rd1 Ne8 13. O-O Nd7 14. Nd2 Ne5 15.
b4 Bd7 16. Bg3 Rc8 17. Kh1 Bb8 18. Qa2 b6 19. f4 Nc6 20. Bf2 Ne7 21. Bg1 Bc6
22. Nb3 Nf6 23. Bd3 Bb7 24. Rc1 Qd8 25. Qe2 Ng6 26. Be3 Nd7 27. a4 a5 28. bxa5
bxa5 29. Nb5 Nc5 30. Nxc5 dxc5 31. Rcd1 Qh4 32. g3 Qe7 33. Kg1 f5 34. Bd2 Qd8
35. Bc3 Qb6 36. Qe1 Qc6 37. Qe3 e5 38. Be2 exf4 39. gxf4 Qxe4 40. Qxe4 Bxe4 41.
Nd6 Bxd6 42. Rxd6 Rfd8 43. Rxd8+ Rxd8 44. Bxa5 Ra8 45. Bb6 Rxa4 46. Bxc5 Ra2
47. Bf3 Rc2 48. Bxe4 fxe4 49. Bd6 Nh4 50. f5 e3 51. Bb4 e2 52. Rf4 Rc1+ 53. Kf2
Rf1+ 54. Kg3 Nxf5+ 0-1

[Event "Philadelphia International"]
[Site "Philadelphia"]
[Date "2012.06.30"]
[Round "3.15"]
[White "Sarkar, Justin"]
[Black "Belliard, Luis"]
[Result "1-0"]
[WhiteElo "2411"]
[BlackElo "2170"]
[PlyCount "91"]
[EventDate "2012.07.??"]
[EventType "swiss"]
[EventRounds "9"]
[EventCountry "USA"]
[Source "MonRoi"]

1. d4 Nf6 2. c4 c5 3. d5 b5 4. cxb5 a6 5. f3 d6 6. e4 g6 7. Na3 Bg7 8. Ne2 e6
9. Nc3 exd5 10. Nxd5 Be6 11. Bc4 axb5 12. Nxb5 O-O 13. O-O Ne8 14. Rb1 Nc6 15.
a3 Rb8 16. Be3 Ne5 17. Be2 Bd7 18. Ndc3 Be6 19. b3 f5 20. exf5 gxf5 21. Nd5 Ng6
22. Qd2 Rb7 23. a4 Qb8 24. Rfd1 Be5 25. f4 Bg7 26. Bc4 Kh8 27. Qd3 Bxd5 28.
Bxd5 Re7 29. Bd2 Nf6 30. g3 Ne4 31. Be1 Rd8 32. Kg2 Bf6 33. Nc3 Rg7 34. Kf1 Rf8
35. Nxe4 fxe4 36. Bxe4 Bd4 37. Bxg6 hxg6 38. Bc3 g5 39. Bxd4 cxd4 40. f5 g4 41.
Kg1 Qc8 42. Rbc1 Qxf5 43. Qxf5 Rxf5 44. Rxd4 Rg6 45. b4 Rf3 46. Rb1 1-0

[Event "Philadelphia International"]
[Site "Philadelphia"]
[Date "2012.06.30"]
[Round "3.16"]
[White "Kaufman, Lawrence"]
[Black "Prieto, Ernesto"]
[Result "1-0"]
[WhiteElo "2380"]
[BlackElo "2100"]
[PlyCount "51"]
[EventDate "2012.07.??"]
[EventType "swiss"]
[EventRounds "9"]
[EventCountry "USA"]
[Source "MonRoi"]

1. d4 Nf6 2. c4 g6 3. Nc3 d5 4. Nf3 Bg7 5. Qa4+ Bd7 6. Qb3 dxc4 7. Qxc4 O-O 8.
Bf4 c6 9. e4 b5 10. Qd3 Be6 11. Be2 Nh5 12. Be3 Bc4 13. Qc2 c5 14. Bxc4 bxc4
15. dxc5 Nc6 16. a3 Qb8 17. O-O Qb7 18. Rab1 Rab8 19. h3 e6 20. Rfd1 Qc7 21.
Ne2 Rfd8 22. Rxd8+ Qxd8 23. Nd2 Ne5 24. f4 Bh6 25. Nxc4 Bxf4 26. Nxf4 1-0

[Event "Philadelphia International"]
[Site "Philadelphia"]
[Date "2012.06.30"]
[Round "4.1"]
[White "Gupta, Abhijeet"]
[Black "Sethuraman, S."]
[Result "1-0"]
[WhiteElo "2644"]
[BlackElo "2546"]
[PlyCount "71"]
[EventDate "2012.07.??"]
[EventType "swiss"]
[EventRounds "9"]
[EventCountry "USA"]
[Source "MonRoi"]
[TimeControl "6000+1840"]
[WhiteClock "0:26:58"]
[BlackClock "0:00:46"]

1. d4 Nf6 2. c4 e6 3. Nc3 Bb4 4. Qc2 d5 5. cxd5 exd5 6. Bg5 c5 7. dxc5 h6 8.
Bh4 g5 9. Bg3 Ne4 10. e3 Qa5 11. Rc1 Nc6 12. Bd3 Nxg3 13. hxg3 d4 14. exd4 Nxd4
15. Qd1 Be6 16. Nf3 O-O-O 17. O-O Nc6 18. a3 Bxc5 19. b4 Qxa3 20. bxc5 Nb4 21.
Ne5 Nxd3 22. Nxd3 Qa6 23. c6 Rxd3 24. cxb7+ Kb8 25. Qe2 Rhd8 26. Ne4 Qb6 27.
Nc5 R3d6 28. Qe5 f6 29. Qc3 Qc6 30. Ra1 Bf5 31. Rfc1 Bd3 32. Qe1 Qb6 33. Nxd3
Rxd3 34. Rab1 Qd6 35. Qe4 Rd4 36. Qc2 1-0

[Event "Philadelphia International"]
[Site "Philadelphia"]
[Date "2012.06.30"]
[Round "4.2"]
[White "Romanov, Evgeny"]
[Black "Getz, Alec"]
[Result "1-0"]
[WhiteElo "2631"]
[BlackElo "2321"]
[PlyCount "105"]
[EventDate "2012.07.??"]
[EventType "swiss"]
[EventRounds "9"]
[EventCountry "USA"]
[Source "MonRoi"]

1. g3 Nf6 2. Bg2 g6 3. e4 e5 4. d4 d6 5. Ne2 Nbd7 6. Nbc3 c6 7. a4 Bg7 8. O-O
O-O 9. h3 Re8 10. Be3 exd4 11. Bxd4 Qe7 12. g4 Nc5 13. Ng3 Ne6 14. Be3 d5 15.
exd5 Nxd5 16. Nxd5 cxd5 17. Bxd5 Bxb2 18. Rb1 Bg7 19. Qf3 Rb8 20. Rfe1 b6 21.
c4 Bd7 22. Qd1 Qa3 23. Rb3 Qxa4 24. Ne4 Nc7 25. Bxf7+ Kxf7 26. Bf4 Kg8 27. Bxc7
Rbc8 28. Qd5+ Be6 29. Nf6+ Kf7 30. Rxe6 Rxe6 31. Nxh7 Ke7 32. Bg3 Qc6 33. Qd2
Qxc4 34. Rb1 Qc2 35. Qb4+ Qc5 36. Qa4 b5 37. Rxb5 Qc1+ 38. Kh2 Rc7 39. Rd5 Qc6
40. Qf4 Qxd5 41. Qxc7+ Qd7 42. Bh4+ g5 43. Bxg5+ Ke8 44. Qb8+ Kf7 45. Bf4 Qd5
46. Qxa7+ Kg6 47. Ng5 Rf6 48. Be3 Qd6+ 49. Kg2 Qd5+ 50. Kg3 Qd6+ 51. f4 Rf8 52.
h4 Kh6 53. Nf7+ 1-0

[Event "Philadelphia International"]
[Site "Philadelphia"]
[Date "2012.06.30"]
[Round "4.3"]
[White "Jankovic, Alojzije"]
[Black "Ludwig, Daniel"]
[Result "1/2-1/2"]
[WhiteElo "2564"]
[BlackElo "2456"]
[PlyCount "71"]
[EventDate "2012.07.??"]
[EventType "swiss"]
[EventRounds "9"]
[EventCountry "USA"]
[Source "MonRoi"]
[TimeControl "6000+1065"]
[WhiteClock "0:08:12"]
[BlackClock "0:11:28"]

1. d4 Nf6 2. c4 e6 3. Nc3 Bb4 4. Bg5 c5 5. d5 h6 6. Bh4 d6 7. e3 exd5 8. cxd5
Nbd7 9. Bd3 Qa5 10. Nge2 Nxd5 11. O-O Bxc3 12. bxc3 O-O 13. Qd2 N5f6 14. e4 b6
15. Ng3 Ba6 16. Nf5 Rae8 17. Nxd6 Bxd3 18. Qxd3 Re6 19. f4 c4 20. Nxc4 Qc5+ 21.
Bf2 Qc6 22. e5 Ne4 23. Bd4 Ndc5 24. Qe3 f5 25. exf6 Nxf6 26. Ne5 Ng4 27. Qh3
Nxe5 28. Bxe5 Rfe8 29. Bd4 Re2 30. Qg4 Qd7 31. f5 R8e4 32. Qf3 Qf7 33. f6 Ne6
34. fxg7 Qxf3 35. gxf3 Rf4 36. Bf2 1/2-1/2

[Event "Philadelphia International"]
[Site "Philadelphia"]
[Date "2012.06.30"]
[Round "4.4"]
[White "Sachdev, Tania"]
[Black "Bosiocici, Marin"]
[Result "0-1"]
[WhiteElo "2417"]
[BlackElo "2555"]
[PlyCount "80"]
[EventDate "2012.07.??"]
[EventType "swiss"]
[EventRounds "9"]
[EventCountry "USA"]
[Source "MonRoi"]
[TimeControl "6000+1005"]
[WhiteClock "0:30:38"]
[BlackClock "1:11:08"]

1. d4 Nf6 2. c4 g6 3. Nc3 d5 4. Bg5 Ne4 5. Bh4 Nxc3 6. bxc3 dxc4 7. e3 Be6 8.
Be2 Bg7 9. Nf3 Nd7 10. O-O Nb6 11. Qc2 O-O 12. a4 a5 13. Rfb1 Qe8 14. Nd2 Bd7
15. Nxc4 Bxa4 16. Qa2 Nd5 17. Qd2 b6 18. Bf3 Rd8 19. Bxd5 Rxd5 20. Bxe7 Qxe7
21. Rxa4 Ra8 22. Raa1 a4 23. Na3 Bf8 24. c4 Rda5 25. Qd3 Qh4 26. Ra2 Rh5 27. h3
Rg5 28. Kf1 Raa5 29. Nb5 a3 30. Nxc7 Raf5 31. Nd5 Qg3 32. Qe4 Qh2 33. f4 Qh1+
34. Kf2 Rxg2+ 35. Qxg2 Qxb1 36. Kg3 Bd6 37. Kh2 Rxd5 38. cxd5 b5 39. Rc2 b4 40.
Rc6 a2 0-1

[Event "Philadelphia International"]
[Site "Philadelphia"]
[Date "2012.06.30"]
[Round "4.5"]
[White "Evdokimov, Alexander"]
[Black "Chakkravarthy, Deepan"]
[Result "1-0"]
[WhiteElo "2544"]
[BlackElo "2461"]
[PlyCount "127"]
[EventDate "2012.07.??"]
[EventType "swiss"]
[EventRounds "9"]
[EventCountry "USA"]
[Source "MonRoi"]
[TimeControl "5400+935"]
[WhiteClock "0:04:31"]
[BlackClock "0:02:54"]

1. d4 d5 2. c4 c6 3. Nf3 Nf6 4. Nc3 a6 5. e3 b5 6. c5 Bf5 7. Bd2 Nbd7 8. b4 h6
9. a4 Rb8 10. Be2 e6 11. O-O Be7 12. axb5 axb5 13. Ra7 O-O 14. Qa1 Ne4 15. Qa6
Ra8 16. Rxa8 Qxa8 17. Ra1 Qxa6 18. Rxa6 Nb8 19. Ra7 Nxc3 20. Bxc3 Bf6 21. Nd2
Bc2 22. Kf1 Rc8 23. Ke1 Kf8 24. Bh5 Be7 25. Bd1 Bg6 26. Nb3 f6 27. Ke2 Be8 28.
f3 Bd8 29. Be1 Bc7 30. Bg3 Bxg3 31. hxg3 Nd7 32. g4 Ke7 33. Bc2 Kd8 34. Na5 Rc7
35. Ra8+ Ke7 36. e4 Nf8 37. Ke3 Bd7 38. f4 g6 39. f5 gxf5 40. gxf5 dxe4 41.
fxe6 Nxe6 42. Bxe4 Ng5 43. d5 Nxe4 44. Kxe4 cxd5+ 45. Kxd5 Be6+ 46. Ke4 h5 47.
c6 Rc8 48. Rxc8 Bxc8 49. Kd5 h4 50. Nb7 Be6+ 51. Kc5 f5 52. Kxb5 f4 53. Nc5 Bf5
54. c7 f3 55. gxf3 h3 56. Ne4 h2 57. Ng3 Kd7 58. Kb6 Kc8 59. Nxf5 h1=Q 60. Nd6+
Kd7 61. c8=Q+ Kxd6 62. Qc6+ Ke7 63. b5 Kf7 64. Kb7 1-0

[Event "Philadelphia International"]
[Site "Philadelphia"]
[Date "2012.06.30"]
[Round "4.6"]
[White "Jayakumar, Adarsh"]
[Black "Gujrathi, Vidit"]
[Result "1/2-1/2"]
[WhiteElo "2267"]
[BlackElo "2528"]
[PlyCount "80"]
[EventDate "2012.07.??"]
[EventType "swiss"]
[EventRounds "9"]
[EventCountry "USA"]
[Source "MonRoi"]

1. d4 d5 2. c4 c6 3. Nf3 Nf6 4. cxd5 cxd5 5. Nc3 Nc6 6. Bf4 a6 7. Rc1 Bf5 8. e3
Rc8 9. Ne5 e6 10. Qb3 Nxe5 11. Bxe5 Qd7 12. Be2 Ne4 13. f3 Nd6 14. Kf2 Nc4 15.
Rhd1 b5 16. e4 dxe4 17. fxe4 Bg6 18. Bxc4 Rxc4 19. a4 Rb4 20. Qc2 f6 21. Bf4
Be7 22. axb5 axb5 23. Ne2 Rc4 24. Qd3 O-O 25. Rc3 Rxc3 26. Nxc3 b4 27. Ne2 Qb7
28. Ng3 Rd8 29. Be3 Bd6 30. Qc4 Bxg3+ 31. hxg3 Qxe4 32. Qxb4 Rc8 33. Rd2 Qf5+
34. Bf4 e5 35. dxe5 fxe5 36. Rd5 Qc2+ 37. Rd2 Qf5 38. Rd5 Qc2+ 39. Rd2 Qc7 40.
Be3 h6 1/2-1/2

[Event "Philadelphia International"]
[Site "Philadelphia"]
[Date "2012.06.30"]
[Round "4.7"]
[White "Venkatesh, Marani"]
[Black "Ippolito, Dean"]
[Result "1/2-1/2"]
[WhiteElo "2517"]
[BlackElo "2432"]
[PlyCount "100"]
[EventDate "2012.07.??"]
[EventType "swiss"]
[EventRounds "9"]
[EventCountry "USA"]
[Source "MonRoi"]

1. e4 e5 2. Nf3 Nf6 3. Nxe5 d6 4. Nf3 Nxe4 5. Nc3 Nxc3 6. dxc3 Be7 7. Bf4 O-O
8. Qd2 Nd7 9. O-O-O Nc5 10. Re1 Bf6 11. Nd4 Ne6 12. Be3 Nxd4 13. cxd4 Be6 14.
Kb1 Re8 15. Be2 Qd7 16. h4 Qa4 17. b3 Qa3 18. Qc1 Qxc1+ 19. Kxc1 Bd5 20. Rh2 c5
21. dxc5 dxc5 22. Bb5 Re5 23. Rd1 a6 24. Be2 Bc6 25. g4 Rae8 26. g5 Bd8 27. Bg4
f5 28. gxf6 Bxf6 29. Bd7 Bxd7 30. Rxd7 R8e7 31. Rd8+ Kf7 32. Rc8 b6 33. Rb8
R5e6 34. Rh3 Rd7 35. h5 h6 36. Bd2 b5 37. Rc8 Re2 38. Bc3 Bg5+ 39. Kb2 Rd1 40.
f4 Be7 41. Rg3 b4 42. Rxg7+ Ke6 43. Be5 Ree1 44. a3 Ra1 45. axb4 cxb4 46. c4
Reb1+ 47. Kc2 Rc1+ 48. Kd2 Rd1+ 49. Kc2 Rdc1+ 50. Kd2 Rd1+ 1/2-1/2

[Event "Philadelphia International"]
[Site "Philadelphia"]
[Date "2012.06.30"]
[Round "4.8"]
[White "Smith, Bryan"]
[Black "Nikhil, Shyam"]
[Result "1-0"]
[WhiteElo "2444"]
[BlackElo "2502"]
[PlyCount "59"]
[EventDate "2012.07.??"]
[EventType "swiss"]
[EventRounds "9"]
[EventCountry "USA"]
[Source "MonRoi"]

1. e4 c5 2. Nf3 d6 3. d4 cxd4 4. Nxd4 Nf6 5. Nc3 a6 6. h3 e5 7. Nde2 h5 8. Bg5
Be6 9. Bxf6 Qxf6 10. Nd5 Qd8 11. Nec3 Nd7 12. Be2 g6 13. O-O Bh6 14. a4 b6 15.
Bc4 Qc8 16. Qd3 Kf8 17. Ne3 Qc5 18. Bxe6 fxe6 19. Nc4 Qd4 20. Rfd1 Qxd3 21.
Rxd3 Ke7 22. Rxd6 Rhb8 23. Rad1 Ra7 24. Na2 a5 25. Nc3 Rc7 26. b3 Nf6 27. Nb5
Rc5 28. Na7 Re8 29. Nc6+ Kf7 30. N6xe5+ 1-0

[Event "Philadelphia International"]
[Site "Philadelphia"]
[Date "2012.06.30"]
[Round "4.9"]
[White "Rout, Padmini"]
[Black "Zapata, Alonso"]
[Result "0-1"]
[WhiteElo "2345"]
[BlackElo "2484"]
[PlyCount "106"]
[EventDate "2012.07.??"]
[EventType "swiss"]
[EventRounds "9"]
[EventCountry "USA"]
[Source "MonRoi"]

1. e4 c5 2. Nf3 e6 3. d4 cxd4 4. Nxd4 a6 5. Bd3 Nf6 6. O-O Qc7 7. Qe2 d6 8. Kh1
g6 9. c4 Bg7 10. Nc3 O-O 11. Be3 Nbd7 12. f4 Re8 13. Rac1 b6 14. b4 Bb7 15. Nb3
Rac8 16. a3 Qb8 17. Bd4 e5 18. fxe5 Nxe5 19. Bb1 Nfd7 20. Nd5 Nxc4 21. Bxg7
Bxd5 22. Bh6 f6 23. Nd4 Qb7 24. Qa2 Bf7 25. Qf2 b5 26. Qg3 d5 27. exd5 Qxd5 28.
Nf5 Re5 29. Rcd1 Qe6 30. Nd4 Qb6 31. Bf4 Ree8 32. Nf5 Nde5 33. Bxe5 Rxe5 34.
Nh6+ Kg7 35. Rd7 Rc7 36. Nf5+ Kf8 37. Rd8+ Re8 38. Rxe8+ Bxe8 39. Nd4 Re7 40.
Qh4 Kg7 41. Ba2 Ne3 42. Re1 g5 43. Rxe3 Rxe3 44. Nf5+ Kh8 45. Qf2 Re6 46. Qf1
Re5 47. h3 Bg6 48. Nd4 Re4 49. Nf3 Qd6 50. Qc1 Re8 51. Qc3 h6 52. Bb3 Be4 53.
Nd4 Qe5 0-1

[Event "Philadelphia International"]
[Site "Philadelphia"]
[Date "2012.06.30"]
[Round "4.11"]
[White "Ostrovskiy, Aleksandr"]
[Black "Garcia, Gildardo"]
[Result "1/2-1/2"]
[WhiteElo "2322"]
[BlackElo "2414"]
[PlyCount "91"]
[EventDate "2012.07.??"]
[EventType "swiss"]
[EventRounds "9"]
[EventCountry "USA"]
[Source "MonRoi"]

1. e4 e5 2. Nf3 Nc6 3. Bb5 a6 4. Ba4 Nf6 5. O-O Nxe4 6. d4 b5 7. Bb3 d5 8. dxe5
Be6 9. Nbd2 Nc5 10. c3 Bg4 11. Bc2 Be7 12. Re1 O-O 13. Nb3 Ne4 14. Bf4 f5 15.
exf6 Nxf6 16. Nbd4 Nxd4 17. Qxd4 c5 18. Qe5 Nh5 19. Bg5 Bf6 20. Bxf6 Nxf6 21.
Ng5 Qb6 22. Bxh7+ Nxh7 23. Qxd5+ Kh8 24. Nf7+ Rxf7 25. Qxf7 Nf6 26. Re7 Rg8 27.
Rae1 Qd6 28. h3 Bh5 29. Qe6 Qd2 30. g4 Bg6 31. Qe3 Qxb2 32. Qxc5 Qxa2 33. Qg5
Bh7 34. Qe5 Rf8 35. Re2 Qb1+ 36. Kh2 Qd3 37. g5 Nh5 38. Re8 Rg8 39. Re3 Qg6 40.
Re6 Qf7 41. Kg1 Rf8 42. f3 a5 43. Qxb5 Bg6 44. Qxa5 Qd7 45. Qb4 Rxf3 46. Qd4
1/2-1/2

[Event "Philadelphia International"]
[Site "Philadelphia"]
[Date "2012.06.30"]
[Round "4.13"]
[White "Ulrich, Thomas"]
[Black "Sarkar, Justin"]
[Result "1/2-1/2"]
[WhiteElo "2086"]
[BlackElo "2411"]
[PlyCount "51"]
[EventDate "2012.07.??"]
[EventType "swiss"]
[EventRounds "9"]
[EventCountry "USA"]
[Source "MonRoi"]

1. d4 e6 2. c4 Bb4+ 3. Bd2 Bxd2+ 4. Qxd2 Nf6 5. Nc3 d5 6. e3 O-O 7. Nf3 Qe7 8.
Bd3 dxc4 9. Bxc4 c5 10. O-O Rd8 11. Rfd1 Nc6 12. Qe2 cxd4 13. exd4 b6 14. Ne5
Bb7 15. Nxc6 Bxc6 16. d5 Bd7 17. dxe6 Bxe6 18. Bxe6 fxe6 19. Re1 Nd5 20. Rac1
Nxc3 21. Rxc3 Rd6 22. Re3 Rc8 23. h3 h6 24. b3 Qf6 25. g3 Rcc6 26. Rd3 1/2-1/2

[Event "Philadelphia International"]
[Site "Philadelphia"]
[Date "2012.06.30"]
[Round "4.14"]
[White "Coraretti, Benjamin"]
[Black "Kaufman, Lawrence"]
[Result "0-1"]
[WhiteElo "2066"]
[BlackElo "2380"]
[PlyCount "68"]
[EventDate "2012.07.??"]
[EventType "swiss"]
[EventRounds "9"]
[EventCountry "USA"]
[Source "MonRoi"]

1. e4 e5 2. Nf3 Nc6 3. Bc4 Bc5 4. c3 Nf6 5. d3 O-O 6. O-O d6 7. Nbd2 a6 8. h3
Ba7 9. Bb3 Ne7 10. Re1 Ng6 11. Nf1 Nh5 12. d4 Nhf4 13. Bxf4 Nxf4 14. dxe5 Bxh3
15. gxh3 Nxh3+ 16. Kg2 Nxf2 17. Qd2 Qc8 18. Nd4 Qg4+ 19. Kxf2 dxe5 20. Ne3 Qh4+
21. Kg1 exd4 22. cxd4 Qxe4 23. Bc2 Qxd4 24. Qxd4 Bxd4 25. Kg2 Rad8 26. Rad1
Bxb2 27. Nd5 g6 28. Nxc7 Rxd1 29. Rxd1 Rc8 30. Rb1 Be5 31. Rxb7 Rxc7 32. Rb8+
Kg7 33. Bb3 Rc2+ 34. Bxc2 Bxb8 0-1

[Event "Philadelphia International"]
[Site "Philadelphia"]
[Date "2012.06.30"]
[Round "4.19"]
[White "Mohota, Nisha"]
[Black "Patil, Anuprita"]
[Result "1/2-1/2"]
[WhiteElo "2321"]
[BlackElo "2101"]
[PlyCount "53"]
[EventDate "2012.07.??"]
[EventType "swiss"]
[EventRounds "9"]
[EventCountry "USA"]
[Source "MonRoi"]

1. c4 c5 2. g3 Nc6 3. Bg2 g6 4. Nc3 Bg7 5. Nf3 d6 6. O-O e5 7. a3 Nge7 8. b4
Rb8 9. Rb1 b6 10. Ne1 O-O 11. Nc2 Nd4 12. Ne3 Bb7 13. Ned5 Nxd5 14. Nxd5 Ne6
15. d3 Nc7 16. Bb2 Nxd5 17. cxd5 Qd7 18. Qd2 f5 19. f4 Rbe8 20. e4 exf4 21.
gxf4 Ba6 22. b5 Bb7 23. a4 a6 24. Bxg7 Qxg7 25. Qb2 Qxb2 26. Rxb2 a5 27. Rff2
1/2-1/2

[Event "Philadelphia International"]
[Site "Philadelphia"]
[Date "2012.06.30"]
[Round "4.21"]
[White "Vazquez, Raul"]
[Black "Obiamiwe, Paul"]
[Result "1/2-1/2"]
[WhiteElo "2287"]
[BlackElo "1985"]
[PlyCount "35"]
[EventDate "2012.07.??"]
[EventType "swiss"]
[EventRounds "9"]
[EventCountry "USA"]
[Source "MonRoi"]

1. e4 e5 2. Nf3 Nc6 3. Bb5 a6 4. Ba4 Nf6 5. d4 exd4 6. O-O Be7 7. Re1 b5 8. e5
Nxe5 9. Rxe5 bxa4 10. Nxd4 O-O 11. Nf5 Re8 12. Bg5 d6 13. Nxe7+ Rxe7 14. Bxf6
gxf6 15. Rxe7 Qxe7 16. Nc3 Bb7 17. Qd3 Kh8 18. f3 1/2-1/2

[Event "Philadelphia International"]
[Site "Philadelphia"]
[Date "2012.06.30"]
[Round "4.25"]
[White "Kelley, Dereque"]
[Black "Nieto, Manuel"]
[Result "1-0"]
[WhiteElo "2242"]
[BlackElo "1892"]
[PlyCount "103"]
[EventDate "2012.07.??"]
[EventType "swiss"]
[EventRounds "9"]
[EventCountry "USA"]
[Source "MonRoi"]

1. d4 Nf6 2. c4 e6 3. Nf3 Bb4+ 4. Bd2 Qe7 5. g3 O-O 6. Bg2 d5 7. O-O Nbd7 8.
Qc2 c6 9. Bxb4 Qxb4 10. Nbd2 Qd6 11. Rad1 h6 12. Rfe1 b5 13. c5 Qc7 14. e4 b4
15. e5 Nh7 16. Nh4 g5 17. Nhf3 a5 18. h4 g4 19. Nh2 h5 20. f3 f5 21. exf6 Ndxf6
22. f4 Kg7 23. Re5 Qf7 24. Rde1 Ra7 25. Bf1 Re8 26. Bd3 Nf8 27. Qd1 Ba6 28. Bb1
Rae7 29. Qa4 Bb5 30. Qxa5 Rb7 31. Qxb4 Bd3 32. Qc3 Bxb1 33. Rxb1 N8d7 34. Re2
Ra8 35. a3 Ne8 36. Rbe1 Nc7 37. Qc2 Rab8 38. b4 Qf6 39. Nb3 Ra8 40. f5 Nf8 41.
Rf2 exf5 42. Rxf5 Qh6 43. Re7+ Kh8 44. Rff7 Re8 45. Rxe8 Nxe8 46. Rxb7 Qe3+ 47.
Qf2 Qh6 48. Rb8 Nf6 49. Qf4 Qg7 50. Qd6 N6d7 51. Rxf8+ Nxf8 52. Qe5 1-0